Cities by subway map picture - Statistics

General Stats
  • This quiz has been taken 259 times
  • The average score is 13 of 19
Answer Stats
Picture Answer % Correct
New York
99%
Tokyo
94%
Beijing
91%
London
87%
Paris
83%
Madrid
78%
Toronto
72%
Seoul
69%
Boston
68%
Amsterdam
66%
Glasgow
62%
Oslo
62%
Lisbon
61%
Tel Aviv
61%
Bucharest
59%
Saint Petersburg
58%
Milan
43%
Istanbul
39%
San Francisco
37%
No matching quizzes found
Score Distribution
Percent of People with Each Score
Percentile by Number Answered
Your Score History
You have not taken this quiz